000 00540nam a2200181Ia 4500
999 _c58519
_d58516
082 _aR/5BS(CS)12
100 _aBazgha Sajjad
100 _aRoll No. 12BS(CS)01
100 _aSupervisor - Mr. Zuhaib A. Shaikh
245 0 _aAutomated Online Clearance System (AOCS).
260 _aNawabshah
_bQUEST
_c2016
300 _a38p
700 _aAnam Zaman (Roll No. 12BS(CS)14)
700 _aJawaria (Roll No. 12BS(CS)35)
700 _aMariya Mustafa (Roll No. 12BS(CS)16)
700 _aArifa Keerio (Roll No. 12BS(CS)50)
942 _cTHESIS